00414nam a22001577a 450000500170000000800410001704000070005804100120006508200200007710000360009724500370013326000230017065000190019370000270021270000170023920230506113118.0230506b ||||| |||| 00| 0 eng d cAL aEnglish 223a515/1bIYEP aS Suryanarayana Iyer and others aProjective Geometry of the Conic aTrichinopolyc1957 aGeometry Conic aIYER (S Suryanarayana) aSANTIAGO (A)